000 01885cam a2200169 4500500
005 20260329023225.0
041 _afre
042 _adc
100 1 0 _aAntoine, François
_eauthor
700 1 0 _aJessenne, Jean-Pierre
_eauthor
700 1 0 _aLeuwers, Hervé
_eauthor
700 1 0 _aJourdan, Anne
_eauthor
245 0 0 _aL'Empire napoléonien : Une expérience européenne ?
260 _bArmand Colin,
_c2014.
520 _aQue l’Empire napoléonien fut un temps marquant de l’histoire de l’Europe est une évidence admise. Sa nature, ses suites, et particulièrement son héritage européen, sont en revanche sujet à débat : l’Empire reste-t-il une première expérience de construction européenne ? Ou n’est-ce qu’une expérience de domination politique et militaire ? Dès le XIXe siècle, le débat se lit jusque dans les gravures et tableaux. D’un côté, l’empereur donne des lois communes aux nations de l’Europe (couverture) ; de l’autre, l’aigle impérial emporte dans ses serres un empereur pantin, au-dessus d’une Europe émiettée (page 4). Visions certainement trop univoques pour une histoire en recherche. Cet ouvrage propose de revenir à l’expérience impériale elle-même, dans sa dimension européenne. En une trentaine de contributions portant sur différents territoires, il interroge à la fois les conceptions de l’Europe formulées dans l’entourage napoléonien ou par le tsar d’Alexandre Ier et les pratiques concrètes des administrateurs, des militaires ou des populations, dans des domaines comme les langues, la monnaie, la guerre, la justice, etc. Le parcours invite à un diagnostic nuancé, à inscrire dans une histoire de l’Europe qui doit faire davantage place à la vie de ses peuples.
856 4 1 _uhttps://shs.cairn.info/l-empire-napoleonien--9782200287771?lang=fr&redirect-ssocas=7080
999 _c1925605
_d1925605